[Event "Steinfurt Bezirksliga 1213"]
[Site "Germany"]
[Date "2013.03.02"]
[Round "7.6"]
[White "Horstmann, Michael"]
[Black "Echelmeyer, Kai"]
[Result "1-0"]
[WhiteElo "1671"]
[BlackElo "1451"]
[PlyCount "67"]
[EventDate "2012.09.22"]
[EventType "team-tourn"]
[EventRounds "9"]
[EventCountry "GER"]
[SourceTitle "EXT 2015"]
[Source "ChessBase"]
[SourceDate "2014.11.20"]
[SourceVersion "1"]
[SourceVersionDate "2014.11.20"]
[SourceQuality "1"]
[WhiteTeam "Emsdetten Rochade II"]
[BlackTeam "Emsdetten Turm III"]
[WhiteTeamCountry "GER"]
[BlackTeamCountry "GER"]

1. e4 c5 2. Nf3 Nc6 3. Bb5 g6 4. Bxc6 bxc6 5. 0-0 d5 6. e5 Bg7 7. b3 Bg4 8. Re1 Qc7 9. Bb2 Rc8 10. d3 e6 11. Nbd2 Ne7 12. h3 Bxf3 13. Qxf3 0-0 14. Qe2 Nf5 15. Nf3 Rfd8 16. a4 a5 17. Ba3 Nd4 18. Nxd4 cxd4 19. Bc5 Rd7 20. f4 Bf8 21. Bxd4 c5 22. Bf2 c4 23. dxc4 dxc4 24. Red1 Rxd1+ 25. Rxd1 cxb3 26. cxb3 Qc3 27. Qd3 Qb4 28. Qb5 Rb8 29. Qxb4 Rxb4 30. Rd8 Kg7 31. Rxf8 Kxf8 32. Bc5+ Ke8 33. Bxb4 axb4 34. Kf2 1-0

[Event "Steinfurt Bezirksklasse 1112"]
[Site "Germany"]
[Date "2012.03.17"]
[Round "7.3"]
[White "Koerbel, Thomas"]
[Black "Echelmeyer, Kai"]
[Result "1-0"]
[WhiteElo "1306"]
[BlackElo "1434"]
[PlyCount "82"]
[EventDate "2011.09.24"]
[EventType "team-tourn"]
[EventRounds "9"]
[EventCountry "GER"]
[SourceTitle "EXT 2013"]
[Source "ChessBase"]
[SourceDate "2012.11.22"]
[SourceVersion "1"]
[SourceVersionDate "2012.11.22"]
[SourceQuality "1"]
[WhiteTeam "Saerbeck III"]
[BlackTeam "Emsdetten Turm III"]
[WhiteTeamCountry "GER"]
[BlackTeamCountry "GER"]

1. e4 c5 2. c3 d5 3. exd5 Qxd5 4. d4 cxd4 5. cxd4 e5 6. Nc3 Qxd4 7. Qxd4 exd4 8. Nb5 Na6 9. Bd2 Nf6 10. Nf3 Ne4 11. a3 Nxd2 12. Nxd2 Be7 13. Bd3 0-0 14. 0-0 Nc5 15. Rfe1 Bg5 16. Re5 Ne6 17. Nf3 Bf6 18. Rh5 g6 19. Rd5 Nf4 20. Rd6 Nxd3 21. Rxf6 Nxb2 22. Rb1 Nc4 23. Nfxd4 Rd8 24. Rc1 Nb6 25. h3 Bd7 26. Nd6 Be6 27. Nxe6 Rxd6 28. Rc7 Rd7 29. Rc1 fxe6 30. Rxe6 Rad8 31. Rce1 Rd3 32. Re7 R8d7 33. Re8+ Kf7 34. Rh8 Kf6 35. Re4 Rxa3 36. Rf8+ Kg7 37. Ree8 Rb3 38. Kh2 a5 39. Rg8+ Kh6 40. g4 a4 41. Re5 a3 1-0

[Event "Steinfurt Bezirksliga 1011"]
[Site "Germany"]
[Date "2010.11.06"]
[Round "2.6"]
[White "Schellmann, Maraike"]
[Black "Echelmeyer, Kai"]
[Result "0-1"]
[WhiteElo "1548"]
[BlackElo "1291"]
[PlyCount "64"]
[EventDate "2010.10.02"]
[EventType "team-tourn"]
[EventRounds "9"]
[EventCountry "GER"]
[SourceTitle "EXT 2012"]
[Source "ChessBase"]
[SourceDate "2011.11.24"]
[SourceVersion "1"]
[SourceVersionDate "2011.11.24"]
[SourceQuality "1"]
[WhiteTeam "Emsdetten Rochade II"]
[BlackTeam "Emsdetten Turm III"]
[WhiteTeamCountry "GER"]
[BlackTeamCountry "GER"]

1. e4 c5 2. Nf3 Nc6 3. d4 cxd4 4. Nxd4 g6 5. Be3 Nf6 6. Nc3 Bg7 7. Bc4 Qa5 8. f3 Qb4 9. Nxc6 Qxb2 10. Nb5 bxc6 11. Rb1 Qe5 12. Bd4 Qb8 13. Nc3 Qc7 14. e5 Nd5 15. e6 Nxc3 16. exf7+ Kf8 17. Bxg7+ Kxg7 18. Qd4+ e5 19. Qxc3 d5 20. Bxd5 Ba6 21. Qxc6 Qa5+ 22. c3 Rac8 23. Qe6 Qxc3+ 24. Kf2 Qd2+ 25. Kg3 Qf4+ 26. Kh3 Bd3 27. f8Q+ Rhxf8 28. Rb7+ Kh6 29. Be4 Rf5 30. g4 Bxe4 31. fxe4 Rc3+ 32. Kh4 Rh5# 0-1

[Event "Steinfurt Bezirksliga 0910"]
[Site "Germany"]
[Date "2010.04.24"]
[Round "8.8"]
[White "Carstensen, Jens"]
[Black "Echelmeyer, Kai"]
[Result "1-0"]
[WhiteElo "1603"]
[BlackElo "1228"]
[PlyCount "59"]
[EventDate "2009.09.12"]
[EventType "team-tourn"]
[EventRounds "9"]
[EventCountry "GER"]
[SourceTitle "EXT 2011"]
[Source "ChessBase"]
[SourceDate "2010.11.26"]
[SourceVersion "1"]
[SourceVersionDate "2010.11.26"]
[SourceQuality "1"]
[WhiteTeam "Neuenkirchen II"]
[BlackTeam "Emsdetten Turm III"]
[WhiteTeamCountry "GER"]
[BlackTeamCountry "GER"]

1. d4 d5 2. c4 e6 3. Nf3 Nf6 4. g3 Nbd7 5. Bg2 c6 6. 0-0 Be7 7. Bf4 Ne4 8. Qc2 Ndf6 9. Ne5 g5 10. Be3 h5 11. f3 Nd6 12. Bxg5 Nf5 13. Qd2 dxc4 14. e3 c5 15. dxc5 Qxd2 16. Nxd2 h4 17. g4 h3 18. Bh1 Rg8 19. Bxf6 Bxc5 20. Ndxc4 b5 21. Nd6+ Nxd6 22. Kf2 Bb7 23. Rac1 Bb6 24. Rfd1 Nc4 25. Nxc4 bxc4 26. Rxc4 Bd5 27. Rc3 Ba5 28. Ra3 Bb6 29. Kg3 Bxe3 30. Rxe3 1-0